|
|
|
|
| LEADER |
00926nab#a2200361#ar4500 |
| 001 |
000093721 |
| 003 |
SVKKK |
| 005 |
20090211101647.0 |
| 008 |
090108d1917 xo |||||||||||||||b|hun |
| FMT |
|
|
|
| 038 |
|
|
|a SVKKK
|
| 040 |
|
|
|a SVKKK
|b slo
|e AACR2
|
| 041 |
0 |
|
|a hun
|
| 044 |
|
|
|a xo
|c SK
|
| 080 |
|
|
|a 262.1
|2 1997
|
| 100 |
1 |
|
|a Szlávik, Matej
|4 aut
|
| 242 |
1 |
0 |
|a Na veľkú noc
|y slo
|
| 245 |
1 |
3 |
|a Husvétkor
|
| 500 |
|
|
|a Po 77/ Ba 09
|
| 520 |
2 |
|
|a Úvodník o sviatku vzkriesenia v prírode a spoločnosti. Náboženská úvaha
|
| 650 |
0 |
4 |
|a cirkevný rok
|x Veľká Noc (vzkriesenie)
|z úvaha
|y 1906
|
| 655 |
|
4 |
|a hungariká
|
| 773 |
0 |
|
|t Eperjesi Lapok
|g Roč. 31, č. 15 (15.04.1906), s. 1
|
| 957 |
|
|
|a Prešov
|
| 958 |
|
|
|a DG
|
| 958 |
|
|
|a HU
|
| 958 |
|
|
|a NT
|
| 974 |
|
|
|a Ba
|
| 992 |
|
|
|a RBX
|
| 997 |
|
|
|d Eperjes p. Prešov
|
| 997 |
|
|
|a Szlávik, Matyás p. Szlávik, Matej
|
| BAS |
|
|
|
| 998 |
|
|
|a RETRO
|